000 00485nam a2200181Ia 4500
001 7712
005 20260306160515.0
008 260306t2013||||xx |||||||||||||| ||spa||
041 _aESP
082 _a354.36
_bG24 T. 4
100 _aGarcía Pachón, María del Pilar,
_eAUT
245 0 _aGestión integrada de recursos hídricos :
_btransparencia e integridad
260 _c2013
300 _a296 páginas :
_c24 cm.
650 _aGEN
654 _aCIA
942 _cLIB
_dJUS
_fJUS
_2ddc
_n
999 _c7712
_d7712